[Event "Challenge"]
[Site "http://www.queenalice.com/game.php?id=727392"]
[Date "2010.2.7"]
[Round "-"]
[White "Scorch"]
[Black "mabellio"]
[Result "0-1"]
[WhiteElo "1222"]
[BlackElo "1590"]

1. a4 e5 2. d4 exd4 3. Qxd4 Nc6 4. Qd2 Nf6 5. Nc3 Bc5 6. e4 Ng4 7. Nh3 Qf6 8.
Nd5 Qd6 9. c3 Ne7 10. f3 Nxd5 11. Qxd5 Qxd5 12. exd5 Ne3 13. Bxe3 Bxe3 14. Ke2
Bc5 15. b4 Bd6 16. a5 O-O 17. g4 Be7 18. c4 Re8 19. b5 Bf6+ 20. Kd1 Bxa1 21. c5
Re5 22. Bc4 b6 23. axb6 axb6 24. cxb6 Bd4 25. bxc7 Ra1+ 26. Kd2 Rxh1 27. Nf4
Be3+ 28. Kd3 Bxf4 29. d6 Rd1+ 0-1

[Event "Choke on that clit!"]
[Site "http://www.queenalice.com/game.php?id=729874"]
[Date "2010.2.11"]
[Round "-"]
[White "Scorch"]
[Black "mabellio"]
[Result "0-1"]
[WhiteElo "1234"]
[BlackElo "1593"]

1. Nc3 e5 2. Nf3 Nc6 3. e4 Nf6 4. Bc4 Bc5 5. O-O O-O 6. g3 d6 7. d3 Bg4 8. a3
Nd4 9. Nd5 Bxf3 10. Qd2 Bxe4 11. b4 Nf3+ 12. Kg2 Nxd2+ 13. f3 Nxf1 14. fxe4 Bd4
15. Rb1 Nxg3 16. hxg3 Nxd5 17. Bxd5 Qf6 18. Bd2 Qf2+ 19. Kh3 Qxd2 20. Rb2 Qe1
21. b5 Qh1+ 22. Kg4 h5+ 23. Kg5 Be3+ 0-1

[Event "Challenge"]
[Site "http://www.queenalice.com/game.php?id=736997"]
[Date "2010.2.24"]
[Round "-"]
[White "mabellio"]
[Black "Scorch"]
[Result "1-0"]
[WhiteElo "1597"]
[BlackElo "1234"]

1. e4 d5 2. c3 c6 3. d3 f5 4. exd5 cxd5 5. h4 h5 6. Nh3 Nc6 7. Bf4 Nf6 8. Na3 e5
9. Qe2 Bd6 10. O-O-O O-O 11. Bg5 f4 12. g3 Bg4 13. f3 Bxh3 14. Bxh3 Bxa3 15.
bxa3 d4 16. c4 Qd6 17. Qb2 Rfb8 18. gxf4 exf4 19. Rhg1 a6 20. Rde1 b5 21. Re6
bxc4 22. Rxd6 Rxb2 23. Kxb2 c3+ 24. Kc2 Ne7 25. Bxf6 Nc8 26. Rxg7+ Kf8 27. Rd8#
1-0

[Event "Challenge"]
[Site "http://www.queenalice.com/game.php?id=742219"]
[Date "2010.3.7"]
[Round "-"]
[White "mabellio"]
[Black "Scorch"]
[Result "1-0"]
[WhiteElo "1600"]
[BlackElo "1232"]

1. e4 e5 2. a4 a5 3. Nc3 Bb4 4. Nf3 Bxc3 5. bxc3 d6 6. d4 f6 7. d5 Ne7 8. Ba3
Bg4 9. h3 Bd7 10. Bc1 Na6 11. Be3 Nc5 12. Bxc5 b6 13. Be3 f5 14. Bg5 fxe4 15.
Nh4 h6 16. Qh5+ Kf8 17. Ng6+ Kg8 18. Nxe7+ Kf8 19. Ng6+ Ke8 20. Bxd8 Rg8 21. Bh4
Rb8 22. Ne7+ 1-0

[Event "Challenge"]
[Site "http://www.queenalice.com/game.php?id=755949"]
[Date "2010.4.4"]
[Round "-"]
[White "Scorch"]
[Black "mabellio"]
[Result "0-1"]
[WhiteElo "1269"]
[BlackElo "1603"]

1. e4 d5 2. d3 e5 3. Qf3 h5 4. h4 Nh6 5. Qxh5 Nc6 6. Nf3 Bg4 7. Qg5 Bxf3 8. gxf3
Qd6 9. Nc3 Nd4 10. Kd1 Nxf3 11. Qe3 Nd4 12. Nxd5 Qc5 13. Nc3 Ng4 14. Qg5 Nxf2+
15. Ke1 Nf3+ 16. Ke2 Nxg5 17. hxg5 Nxh1 0-1

[Event "8r1ng 7he 5hi7 0n 61tch!"]
[Site "http://www.queenalice.com/game.php?id=759821"]
[Date "2010.4.12"]
[Round "-"]
[White "mabellio"]
[Black "Scorch"]
[Result "1-0"]
[WhiteElo "1607"]
[BlackElo "1269"]

1. d4 d5 2. h4 e6 3. g3 f6 4. Nc3 g5 5. hxg5 fxg5 6. e4 c6 7. Qh5+ Ke7 8. Bxg5+
Nf6 9. e5 Bg7 10. Bh3 h6 11. Qg6 Kd7 12. Qxg7+ Ke8 13. Qxh8+ Kd7 14. Bxe6+ Ke7
15. Qxf6+ 1-0

[Event "Relax... this won't hurt."]
[Site "http://www.queenalice.com/game.php?id=766783"]
[Date "2010.4.26"]
[Round "-"]
[White "Scorch"]
[Black "mabellio"]
[Result "0-1"]
[WhiteElo "1280"]
[BlackElo "1611"]

1. e3 e5 2. f4 Nc6 3. Nh3 Nf6 4. g4 d5 5. g5 Ng4 6. Nc3 h6 7. e4 Qe7 8. Nxd5 Qc5
9. d3 hxg5 10. fxg5 Rxh3 11. Bxh3 Qf2# 0-1

[Event "FUCK"]
[Site "http://www.queenalice.com/game.php?id=782692"]
[Date "2010.5.29"]
[Round "-"]
[White "mabellio"]
[Black "Scorch"]
[Result "1-0"]
[WhiteElo "1616"]
[BlackElo "1269"]

1. d4 d5 2. c4 c6 3. Bf4 Nd7 4. c5 Ngf6 5. b4 b5 6. Nc3 h6 7. Nf3 a5 8. Ne5 g5
9. Nxc6 Ne4 10. Nxd5 gxf4 11. Nxd8 Kxd8 12. e3 e6 13. Nxf4 Nc3 14. Qd3 axb4 15.
a3 f5 16. d5 Ne5 17. Qd4 Ra4 18. Nxe6+ Bxe6 19. dxe6+ Ke7 20. Qxe5 Rg8 21. Qd6+
Kf6 22. e7+ Kf7 23. exf8=Q+ Rxf8 24. Qd7+ Kg8 25. Bxb5 Ra5 26. Bc4+ Kh8 27. O-O
f4 28. Qd4+ Kh7 29. Qd7+ Kh8 30. Bd3 Rxc5 31. Qh7# 1-0

[Event "Challenge"]
[Site "http://www.queenalice.com/game.php?id=817979"]
[Date "2010.8.14"]
[Round "-"]
[White "mabellio"]
[Black "Scorch"]
[Result "1-0"]
[WhiteElo "1619"]
[BlackElo "1269"]

1. c4 b5 2. cxb5 Bb7 3. Nc3 c6 4. bxc6 Nxc6 5. Nf3 e5 6. e3 f5 7. Bb5 e4 8. Bxc6
Bxc6 9. Ne5 Qf6 10. Nxc6 Qxc6 11. d4 d5 12. f3 Nf6 13. h3 g5 14. g4 Bb4 15. Bd2
h5 16. gxf5 O-O-O 17. Rc1 exf3 18. Nb5 Kb7 19. Rxc6 Kxc6 20. Bxb4 Kxb5 21. Bc5
Ne4 22. Qb3+ Kc6 23. Qa4+ Kc7 24. Qxa7+ Kc8 25. Qa6+ Kd7 26. Qb7+ Ke8 27. Qe7#
1-0

[Event "Challenge"]
[Site "http://www.queenalice.com/game.php?id=843555"]
[Date "2010.10.9"]
[Round "-"]
[White "mabellio"]
[Black "Scorch"]
[Result "1-0"]
[WhiteElo "1622"]
[BlackElo "1239"]

1. Nf3 h5 2. e4 Rh6 3. b3 Re6 4. Ng5 Nh6 5. Nxe6 dxe6 6. Qxh5 g6 7. Qb5+ c6 8.
Qe2 f5 9. Nc3 b5 10. d3 a5 11. h4 Qd4 12. Bb2 Ng4 13. f3 Qf2+ 14. Qxf2 Nxf2 15.
Kxf2 Na6 16. a4 Nc5 17. d4 Nxb3 18. cxb3 b4 19. Ne2 Ba6 20. Nf4 1-0

[Event "Lets got bitch"]
[Site "http://www.queenalice.com/game.php?id=948124"]
[Date "2011.6.10"]
[Round "-"]
[White "mabellio"]
[Black "Scorch"]
[Result "1-0"]
[WhiteElo "1623"]
[BlackElo "1212"]

1. c4 b6 2. Nc3 Bb7 3. d4 Na6 4. e3 c5 5. Nf3 e6 6. Qb3 Nb4 7. a3 Nc6 8. dxc5
Na5 9. Qd1 Bxc5 10. b4 Nb3 11. Qxb3 d5 12. bxc5 Qc7 13. cxd5 Qxc5 14. dxe6 fxe6
15. Qxe6+ Ne7 16. Bb5+ Bc6 17. a4 Qxc3+ 18. Ke2 Bxb5+ 19. axb5 Qxa1 20. Ne5 Rc8
21. Rd1 Rc2+ 22. Kf3 Rf8+ 23. Kg3 Rf5 24. Rd8+ Kxd8 25. Qd7# 1-0

[Event "Challenge"]
[Site "http://www.queenalice.com/game.php?id=971996"]
[Date "2011.8.13"]
[Round "-"]
[White "mabellio"]
[Black "Scorch"]
[Result "1-0"]
[WhiteElo "1623"]
[BlackElo "1329"]

1. e4 e5 2. b3 d6 3. Bb2 Be6 4. Nf3 f6 5. d4 Nc6 6. d5 Nb4 7. dxe6 Ne7 8. c3
Nbc6 9. a4 a5 10. Nh4 g5 11. Qh5+ Ng6 12. Nxg6 Rg8 13. Nxf8+ Kxf8 14. Qf7# 1-0

[Event "Challenge 2"]
[Site "http://www.queenalice.com/game.php?id=971997"]
[Date "2011.8.13"]
[Round "-"]
[White "Scorch"]
[Black "mabellio"]
[Result "0-1"]
[WhiteElo "1313"]
[BlackElo "1628"]

1. g4 e5 2. e4 Bc5 3. Nf3 Nf6 4. Nc3 Nxg4 5. Qe2 Bxf2+ 6. Kd1 Nc6 7. h3 Nd4 8.
Nxd4 Bxd4 9. hxg4 Qg5 10. Rh5 Qg6 11. Bh3 d6 12. d3 f6 13. Nd5 Qf7 14. c3 c6 15.
cxd4 cxd5 16. dxe5 dxe5 17. a4 Bd7 18. b3 dxe4 19. Qxe4 Qxb3+ 20. Ke1 Qc3+ 21.
Kd1 Qxa1 22. d4 Bxa4+ 23. Kd2 O-O-O 24. d5 Qa2+ 25. Kc3 Rxd5 26. Bf1 Qb3# 0-1

[Event "Challenge"]
[Site "http://www.queenalice.com/game.php?id=987594"]
[Date "2011.9.20"]
[Round "-"]
[White "mabellio"]
[Black "Scorch"]
[Result "1-0"]
[WhiteElo "1632"]
[BlackElo "1334"]

1. h4 h5 2. e3 Nf6 3. Nh3 e5 4. Ng5 Qe7 5. b3 Nc6 6. Ba3 d6 7. Bc4 Be6 8. Bb5 a6
9. Bxc6+ bxc6 10. Nc3 g6 11. Nf3 O-O-O 12. Nxe5 c5 13. Nc6 Qd7 14. Qf3 Nd5 15.
Nxd5 Bxd5 16. Qxd5 Qe6 17. Qxe6+ Kb7 18. Nxd8+ Kb6 19. Bxc5+ Kxc5 20. Qc4+ Kb6
21. Qc6+ Ka7 22. Qb7# 1-0

[Event "sldakfjlaskdhflkahsdkf"]
[Site "http://www.queenalice.com/game.php?id=997655"]
[Date "2011.10.15"]
[Round "-"]
[White "mabellio"]
[Black "Scorch"]
[Result "1-0"]
[WhiteElo "1636"]
[BlackElo "1313"]

1. g4 d6 2. g5 h6 3. g6 Be6 4. Bh3 f5 5. e4 Qd7 6. Qf3 Nf6 7. exf5 Bg8 8. d3 Nc6
9. Qg3 e5 10. fxe6 Bxe6 11. Qe3 Nb4 12. Bxe6 Qe7 13. Bf7+ Kd8 14. Na3 Ng4 15.
Qe2 Qxe2+ 16. Nxe2 Ne5 17. Nf4 Nxf7 18. gxf7 c5 19. Ng6 Rg8 20. fxg8=Q Kd7 21.
Nxf8+ Ke7 22. Ng6+ Kd7 23. Qxa8 Kc7 24. Qxa7 Nc6 25. Nb5+ 1-0

[Event "this is fo real biatch"]
[Site "http://www.queenalice.com/game.php?id=1009457"]
[Date "2011.11.17"]
[Round "-"]
[White "mabellio"]
[Black "Scorch"]
[Result "1-0"]
[WhiteElo "1642"]
[BlackElo "1313"]

1. f4 f5 2. e4 e6 3. Nh3 d5 4. e5 g6 5. b3 Nc6 6. Bb2 Be7 7. Na3 a6 8. Qf3 h6 9.
O-O-O b5 10. g4 Nd4 11. Qd3 Nc6 12. gxf5 gxf5 13. Qg3 Kd7 14. Qg7 Nf6 15. exf6
Qf8 16. Rg1 Bb7 17. Re1 Qxg7 18. Rxg7 Rhf8 19. fxe7 Nxe7 20. Nxb5 Rg8 21. Nxc7
Rxg7 22. Bxg7 Rc8 23. Nxe6 Rc6 24. Nd4 Rg6 25. Bf8 Nc6 26. Nxc6 Bxc6 27. Bxa6
Rg8 28. Bxh6 Rg6 29. Bg5 Kc7 30. Nf2 Kb6 31. Bf1 1-0

[Event "Challenge"]
[Site "http://www.queenalice.com/game.php?id=1014312"]
[Date "2011.12.1"]
[Round "-"]
[White "Scorch"]
[Black "mabellio"]
[Result "0-1"]
[WhiteElo "1305"]
[BlackElo "1645"]

1. e4 c5 2. Nc3 Nc6 3. Nf3 a6 4. d3 b5 5. Be3 e6 6. g3 Nf6 7. Bh3 Bb7 8. a3 Rc8
9. d4 cxd4 10. Nxd4 Nxd4 11. Bxd4 Nxe4 12. Rc1 Nxc3 13. bxc3 Bxh1 14. f3 Bxa3
15. Rb1 e5 16. Bxe5 Qe7 17. Bxd7+ Qxd7 18. Qxd7+ Kxd7 19. Ke2 Rhe8 20. f4 Be4
21. Rd1+ Kc6 22. Bxg7 Bxc2+ 23. Kd2 Bxd1 24. Kxd1 Rcd8+ 0-1

[Event "FUCKFUCK"]
[Site "http://www.queenalice.com/game.php?id=1022974"]
[Date "2012.1.31"]
[Round "-"]
[White "mabellio"]
[Black "Scorch"]
[Result "1-0"]
[WhiteElo "1647"]
[BlackElo "1303"]

1. b4 b5 2. a4 c6 3. axb5 Bb7 4. e3 e5 5. bxc6 dxc6 6. Nc3 Bxb4 7. Na4 Na6 8.
Rb1 Qd6 9. c3 Ba3 10. Rxb7 Nc5 11. Bxa3 Nd3+ 12. Bxd3 Qxa3 13. Qh5 Nf6 14. Qxf7+
Kd8 15. Qxg7 Qf8 16. Qc7+ Ke8 17. Qxc6+ Kd8 18. Qc7+ 1-0

[Event "crackpot"]
[Site "http://www.queenalice.com/game.php?id=1030391"]
[Date "2012.2.17"]
[Round "-"]
[White "mabellio"]
[Black "Scorch"]
[Result "1-0"]
[WhiteElo "1649"]
[BlackElo "1292"]

1. b3 f6 2. e4 e5 3. Bc4 Ne7 4. Nc3 c6 5. Nf3 d5 6. exd5 cxd5 7. Bb5+ Nec6 8.
O-O a6 9. Bxc6+ bxc6 10. Re1 Bc5 11. Nh4 O-O 12. Qh5 Qe8 13. Qxe8 Rxe8 14. Na4
Nd7 15. Bb2 g5 16. Nf5 e4 17. Nxc5 Nxc5 18. Bd4 Bxf5 19. Bxc5 Re5 20. Rf1 d4 21.
Bxd4 Rd5 22. Bxf6 Rxd2 23. c3 a5 24. Rfd1 Rxd1+ 25. Rxd1 a4 26. Bxg5 c5 27. bxa4
Rxa4 28. Rd2 Ra3 29. Bf6 Ra6 30. Be5 Ra3 31. h3 Rb3 32. f4 e3 33. Re2 c4 34.
axb3 cxb3 35. c4 b2 36. Rxb2 Bd3 37. c5 e2 38. Bc3 Kf7 39. Kf2 Ke6 40. Rxe2+
Bxe2 41. Kxe2 Kd5 42. Bd4 Kxd4 43. c6 Ke4 44. g3 1-0

[Event "Challenge"]
[Site "http://www.queenalice.com/game.php?id=1037390"]
[Date "2012.3.9"]
[Round "-"]
[White "mabellio"]
[Black "Scorch"]
[Result "1-0"]
[WhiteElo "1651"]
[BlackElo "1266"]

1. g4 d5 2. g5 c5 3. Bh3 Bxh3 4. Nxh3 f6 5. f4 Nc6 6. f5 Qd7 7. e4 dxe4 8. Qh5+
Kd8 9. Qf7 Qe8 10. Qd5+ Qd7 11. Qxe4 e5 12. fxe6 Qe7 13. Qd5+ Kc7 14. c3 Rd8 15.
Qb3 Na5 16. Qb5 b6 17. Qe2 Rd5 18. gxf6 gxf6 19. Nf4 Re5 20. Qxe5+ fxe5 21. Nd5+
Kd6 22. Nxe7 Bxe7 23. Na3 a6 24. d3 Kxe6 25. Nc2 c4 26. dxc4 Nxc4 27. b3 Nd6 28.
Be3 b5 29. Nb4 a5 30. Nc6 Nf6 31. Nxa5 Ng4 32. Bc5 Ne4 33. Bxe7 Kxe7 34. c4 Ngf2
35. Rf1 Ra8 36. Nc6+ Kd6 37. Nb4 bxc4 38. bxc4 Kc5 39. Nd5 Ra4 40. Rxf2 Nxf2 41.
Kxf2 Rxc4 42. Nf6 h6 43. a4 Rf4+ 44. Ke3 Rxf6 45. Ke4 Kd6 46. a5 Rf8 47. a6 Ra8
48. a7 h5 49. Kf5 h4 50. Kg4 e4 51. Kxh4 Kd5 52. Kg3 Ke5 53. h4 Kf5 54. Kf2 Kf4
55. h5 e3+ 56. Ke2 Kg5 57. Kxe3 Kxh5 58. Kd4 Kg6 59. Kc5 Rxa7 60. Rxa7 Kg5 61.
Rf7 Kg6 62. Rf1 Kg5 63. Kd5 Kg4 64. Ke4 Kg5 65. Rf2 Kg6 66. Ke5 Kg5 67. Rg2+ Kh4
68. Kf4 Kh5 69. Rg1 Kh6 70. Kf5 Kh5 71. Rh1# 1-0

[Event "blo"]
[Site "http://www.queenalice.com/game.php?id=1050609"]
[Date "2012.4.19"]
[Round "-"]
[White "Scorch"]
[Black "mabellio"]
[Result "0-1"]
[WhiteElo "1264"]
[BlackElo "1653"]

1. e4 c5 2. c4 b6 3. b3 Bb7 4. f3 e6 5. d3 Qf6 6. Qc2 Qxa1 7. a3 Qf6 8. Qc3
Qxc3+ 9. Nxc3 a6 10. b4 cxb4 11. axb4 Bxb4 12. Bb2 d6 13. Ne2 Nf6 14. g4 d5 15.
e5 Nxg4 16. fxg4 dxc4 17. dxc4 Bxh1 18. Nd4 Nc6 19. Nxc6 Bxc6 20. Kf2 Bc5+ 21.
Ke1 Bd4 22. Kd2 Bxe5 23. h4 O-O 24. g5 b5 25. Ba3 Rfd8+ 26. Kc2 Bf3 27. cxb5
Bxc3 28. Kxc3 axb5 29. Kb4 Rd4+ 30. Kb3 Rxh4 31. Bxb5 Rc8 32. Bb4 Rd8 33. Ka4
Rdd4 34. Ka5 Rxb4 35. Kb6 Bh5 36. Ka5 Rbg4 37. Ka6 Rxg5 38. Kb6 Rb4 39. Ka5
Rbxb5+ 40. Ka6 Be2 41. Ka7 Rg3 42. Ka6 Ra3# 0-1

[Event "fuck a duck"]
[Site "http://www.queenalice.com/game.php?id=1057810"]
[Date "2012.5.9"]
[Round "-"]
[White "Scorch"]
[Black "mabellio"]
[Result "0-1"]
[WhiteElo "1259"]
[BlackElo "1655"]

1. g3 c5 2. Bg2 d5 3. e4 dxe4 4. Bxe4 Nf6 5. f3 g6 6. g4 Bg7 7. c4 Qb6 8. b3
Nxe4 9. fxe4 Bxa1 10. Nc3 Qe6 11. Ba3 Bxc3 12. Bxc5 Qxe4+ 13. Kf2 Qxh1 14. dxc3
Qxh2+ 15. Ke3 Qe5+ 16. Kf3 Qxc5 17. b4 Qxc4 18. Ne2 Bxg4+ 19. Ke3 Bxe2 20. Qxe2
Qxc3+ 21. Kf2 Qxb4 0-1